000 02565cam a22001934a 4500
005 20250605163427.0
008 250528s ||||||||||||||||||||||||d
035 _a18969
040 _aGR-AtMCL
_bgre
_dGR-AtMCL
_eAACR2
245 1 _aΗ Μορφή στο Σχεδιασμό των Συνδέσεων / Μηχανικές Σταθερέ Συνδέσεις των Αρχιτεκτονικών Κατασκευών (Συμβατικές - Ελαφρές Κατασκευές) του Σχεδιασμού Επίπλου και του Βιομηχανικού Αντικειμένου
260 _bΑθήνα,
_c1990
300 _a148
505 0 _aΗ Διατριβή Περιληπτικά, Εισαγωγή - Σκοπός της Έρευνας, Συνδέσεις Σφηνοειδούς Συνδετικού Στοιχείου, Συνδέσεις μη Σφηνοειδούς Συνδετικού Στοιχείου, Συνδέσεις Διαμορφωμένου Συνδετικού Στοιχείου, Συνδέσεις Κοχλιωτού Συνδετικού Στοιχεία, Συνδέσεις Μεικτές, Σφηνοειδείς Διαμορφωτικές Διαφοροποιήσεις, Μορφολογικός-Λειτουργικός Κατασκευαστικών Πίνακας των Μηχανικών Σταθερών Συνδέσεων, Συμπεράσματα, Παράρτημα, Ορολογία, Βιβλιογραφία, Πηγές Εικόνων, Η Διατριβή Περιληπτικά (στα Γερμανικά).
520 _aΗ Διατριβή Περιληπτικά, Εισαγωγή - Σκοπός της Έρευνας, Συνδέσεις Σφηνοειδούς Συνδετικού Στοιχείου, Συνδέσεις μη Σφηνοειδούς Συνδετικού Στοιχείου, Συνδέσεις Διαμορφωμένου Συνδετικού Στοιχείου, Συνδέσεις Κοχλιωτού Συνδετικού Στοιχεία, Συνδέσεις Μεικτές, Σφηνοειδείς Διαμορφωτικές Διαφοροποιήσεις, Μορφολογικός-Λειτουργικός Κατασκευαστικών Πίνακας των Μηχανικών Σταθερών Συνδέσεων, Συμπεράσματα, Παράρτημα, Ορολογία, Βιβλιογραφία, Πηγές Εικόνων, Η Διατριβή Περιληπτικά (στα Γερμανικά).
700 1 _aΗλιόπουλος Βασίλης
942 _cBK
999 _c4264
_d4264